书目信息 |
| 题名: |
人类历史上的核灾难
|
|
| 作者: | 盛文林 编著 | |
| 分册: | ||
| 出版信息: | 北京 台海出版社 2011 |
|
| 页数: | 247页 | |
| 开本: | 24cm | |
| 丛书名: | ||
| 单 册: | ||
| 中图分类: | TL91 | |
| 科图分类: | ||
| 主题词: | 核爆炸--史料 , 核爆炸 | |
| 电子资源: | ||
| ISBN: | 978-7-80141-809-8 | |
| 000 | 00842nam0 2200241 45 | |
| 001 | 1256854484 | |
| 005 | 20120626163847.10 | |
| 010 | @a978-7-80141-809-8@dCNY29.80 | |
| 100 | @a20120626d2011 em y0chiy50 ea | |
| 101 | 0 | @achi |
| 102 | @aCN@b110000 | |
| 105 | @aa z 000yy | |
| 106 | @ar | |
| 200 | 1 | @a人类历史上的核灾难@ARen Lei Li Shi Shang De He Zai Nan@f盛文林编著@FSheng Wen Lin Bian Zhu |
| 210 | @a北京@c台海出版社@d2011 | |
| 215 | @a247页@c图,照片@d24cm | |
| 330 | @a本书以档案式纪录片的表现形式搜索了人类历史上遗患无穷的核灾难写实,将事件突发的前因后果、人们遭遇的不幸场景、现场珍贵的镜头及其后续影响再现于读者面前。 | |
| 606 | 0 | @a核爆炸@x史料 |
| 606 | 0 | @a核爆炸 |
| 690 | @aTL91@v4 | |
| 701 | 0 | @a盛文林@ASheng Wen Lin@4编著 |
| 801 | 0 | @aCN@b大连网信软件有限公司图书馆·11@c20120626 |
| 905 | @b0819687-90@dTL91@e33@f4 | |
| 人类历史上的核灾难/盛文林编著.-北京:台海出版社,2011 |
| 247页:图,照片;24cm |
| ISBN 978-7-80141-809-8:CNY29.80 |
| 本书以档案式纪录片的表现形式搜索了人类历史上遗患无穷的核灾难写实,将事件突发的前因后果、人们遭遇的不幸场景、现场珍贵的镜头及其后续影响再现于读者面前。 |
| ● |
| 相关链接 |
|
|
|
|
正题名:人类历史上的核灾难
索取号:TL91/33
 
预约/预借
| 序号 | 登录号 | 条形码 | 馆藏地/架位号 | 状态 | 备注 |
| 1 | 0819687 | 208196879 | 第二样本阅览室/ [索取号:TL91/33] | 在馆 | |
| 2 | 0819688 | 208196888 | 第三借阅区/ [索取号:TL91/33] | 在馆 | |
| 3 | 0819689 | 208196897 | 第三借阅区/ [索取号:TL91/33] | 在馆 | |
| 4 | 0819690 | 208196904 | 第三借阅区/ [索取号:TL91/33] | 在馆 |